ბათუმის შოთა რუსთაველის სახელმწიფო უნივერსიტეტის ბიბლიოთეკა

მამაჩემი პოლიკარპე კაკაბაძე - "ყვარყვარე თუთაბერის" ავტორი : (ბიბ.ჩანაწერი № 63700)

000 -ლიდერი
ფიქსირებული სიგრძის საკონტროლო ველი 01690nam a22002417a 4500
003 - საკონტროლო ნომრის იდენტიფიკატორი
საკონტროლო ველი Ge_BSU
005 - ბოლო ოპერაციის თარიღი და დრო
საკონტროლო ველი 20251211155757.0
008 - ფიქსირებული სიგრძის მონაცემთა ელემენტები - ზოგადი ინფორმაცია
ფიქსირებული სიგრძის საკონტროლო ველი 251211s2023 ge ||||| |||| 00| 0 geo d
020 ## - წიგნის საერთაშორისო სტანდარტული ნომერი
International Standard Book Number 9789941986758
041 ## - ენის კოდი
Language code of text/sound track or separate title geo
080 ## - უნივერსალური ათობითი კლასიფიკაციის ინდექსი
Universal Decimal Classification number 821.353.1-94 კ -17
100 ## - მთავარი ჩანაწერი - პიროვნების სახელი
Personal name კაკაბაძე, მანანა
9 (RLIN) 26457
245 ## - ცნობა სათაურის შესახებ
Title მამაჩემი პოლიკარპე კაკაბაძე - "ყვარყვარე თუთაბერის" ავტორი :
Remainder of title [მოგონებები] /
Statement of responsibility, etc მანანა კაკაბაძე; რედაქტორი მაია გურაბანიძე; წინათქმა ლევან თაქთაქიშვილი; ყდის დიზაინერი, ილუსტრატორი მარი გირკელიძე.
264 ## - წარმოების, გამოცემის, დისტრიბუციის და სხვა ცნობები
გამოცემის, წარმოების, დისტრიბუციის... ადგილი თბილისი :
გამოცემის, წარმოების, დისტრიბუციის... სახელწოდება საქართველოს პარლამენტის ეროვნული ბიბლიოთეკა,
გამოცემის, წარმოების, დისტრიბუციის... თარიღი 2023.
300 ## - ფიზიკური აღწერა
Extent 279 გვ. ;
Other physical details 22 სმ.
653 ## - INDEX TERM--UNCONTROLLED
Uncontrolled term კაკაბაძე, პოლიკარპე, 1893-1972.
653 ## - INDEX TERM--UNCONTROLLED
Uncontrolled term ქართველი მწერლები
653 ## - INDEX TERM--UNCONTROLLED
Uncontrolled term ქართული მემუარული ლიტერატურა
700 ## - ADDED ENTRY--PERSONAL NAME
Personal name გურაბანიძე, მაია
Relator term რედაქტორი
9 (RLIN) 26458
700 ## - ADDED ENTRY--PERSONAL NAME
Personal name თაქთაქიშვილი, ლევან
Relator term წინათქმის ავტორი
9 (RLIN) 328
700 ## - ADDED ENTRY--PERSONAL NAME
Personal name გირკელიძე, მარი
Relator term ილუსტრატორი, ყდის დიზაინერი
9 (RLIN) 26459
942 ## - ADDED ENTRY ELEMENTS (KOHA)
Source of classification or shelving scheme
Koha item type წიგნი
ეგზემპლარები
ჩამოწერის სტატუსი დაკარგული ეგზემპლარის სტატუსი კლასიფიკაციის წყარო ან თაროზე გაწყობის სქემა დაზიანების სტატუსი არ გაიცემა მუდმივი მდებარეობა (დაცვის ადგილი) ამჟამინდელი ადგილსამყოფელი თაროზე განთავსების ადგილი შეძენის თარიღი ღირებულება, შესყიდვის ნორმალური ფასი სრული შენახვის შიფრი შტრიხკოდი ბოლო ოპერაციის თარიღი ეგზემპლარის მიმდევრობითი ნომერი (კეტერი?) Uniform Resource Identifier ფასის ძალაში შესვლის თარიღი ეგზემპლარის სახეობა საჯარო შენიშვნა
          ბათუმის შოთა რუსთაველის სახელმწიფო უნივერსიტეტის მთავარი ბიბლიოთეკა ბათუმის შოთა რუსთაველის სახელმწიფო უნივერსიტეტის მთავარი ბიბლიოთეკა წიგნსაცავი 2025-12-11 12.00 821.353.1-94 კ -17 73253 2025-12-11 73253 საჩუქარი საქართველოს ეროვნული ბიბლიოთეკისაგან 2025-12-11 წიგნი 12 ლ.